000 00786nam a2200241 a 4500
001 40608
003 BD-RjUL
005 20211209053242.0
008 160507i2004 bg ||||| |||| 00| 0 ben d
020 _c: Tk.70.00
035 _a(BD-RjUL)40723
040 _aBD-RjUL
_bben
_cBD-RjUL
041 _aben
082 _223
_a297
_bISI 2004
100 _aইসলাম, এম. আনোয়ারুল
_9124974
245 1 0 _aইসলাম কোন পথে ? /
_cএম. আনোয়ারুল ইসলাম
250 _a২য় সং.
260 _aঢাকা :
_bইসলাম প্রকাশনী,
_c২০০৪.
300 _a১৫৬ পৃ. ;
_c২১ সেমি.
650 _aইসলাম
_9124975
650 _aIslam
_9124976
942 _2ddc
_cBK
999 _c40608
_d40608